00693nam a2200253 a 4500001001300000003000900013005001700022008004100039020001200080082001600092100001500108245003000123260003200153300000900185500003500194505001000229650001700239700001800256700001600274902000800290942000700298952011700305999001700422nice12345678IN_TiNIC20260116013857.0050524s1994 lona grp 000 0 eng  ac917.700a303.61bWEH aWehr, Paul aJustice Without Violence. aLondonbLynne Riennerc1994 a300p aincludes index and biblioraphy2 aIndex aNon-Violence1 aHeidi Burgess1 aGuy Burgess bSRS cBK 001040708StackRoom-aHMIbHMId2010-04-12g917.70l0o303.61 WEHp019894r2010-04-12v917.70w2005-05-24yBK c12921d12921